Question bank in mathematics;problems with solutions class xth (Record no. 579313)

000 -LEADER
fixed length control field 00501nam a22001817a 4500
003 - CONTROL NUMBER IDENTIFIER
control field CEME
005 - DATE AND TIME OF LATEST TRANSACTION
control field 20210628205043.0
008 - FIXED-LENGTH DATA ELEMENTS--GENERAL INFORMATION
fixed length control field 210128b xxu||||| |||| 00| 0 eng d
020 ## - INTERNATIONAL STANDARD BOOK NUMBER
International Standard Book Number 81-7685-057-8
040 ## - CATALOGING SOURCE
Transcribing agency .
082 ## - DEWEY DECIMAL CLASSIFICATION NUMBER
Classification number 510 SHA
100 ## - MAIN ENTRY--PERSONAL NAME
Personal name SHARMA, KAPIL:SHARMA, RASHMI
9 (RLIN) 73648
245 ## - TITLE STATEMENT
Title Question bank in mathematics;problems with solutions class xth
260 ## - PUBLICATION, DISTRIBUTION, ETC.
Place of publication, distribution, etc. DELHI
Name of publisher, distributor, etc. NAROSA PUBLICATION
Date of publication, distribution, etc. 2000
300 ## - PHYSICAL DESCRIPTION
Extent 780P
650 ## - SUBJECT ADDED ENTRY--TOPICAL TERM
Topical term or geographic name entry element MATHMATICS-BASIC TRAINING
9 (RLIN) 73649
942 ## - ADDED ENTRY ELEMENTS (KOHA)
Koha item type Book
Source of classification or shelving scheme
Holdings
Withdrawn status Lost status Source of classification or shelving scheme Damaged status Not for loan Permanent Location Current Location Shelving location Date acquired Full call number Barcode Date last seen Price effective from Koha item type Public note
          College of Electrical & Mechanical Engineering (CEME) College of Electrical & Mechanical Engineering (CEME) General Stacks 04/19/2017 510 SHA CEME-38987 06/28/2021 06/28/2021 Book 3.6
© 2023 Central Library, National University of Sciences and Technology. All Rights Reserved.